000 00313nam a22001097a 4500
008 230623b xxu||||| |||| 00| 0 eng d
082 _a330.96762
_bGOK 2003
245 _aEconomic Recovery Strategy for wealth and Employment Creation
_b2003-2007
260 _aKenya
_bGOK
_c2003
300 _aXVII,92p
942 _2ddc
_cBK
999 _c2512
_d2512